000 00608 a2200181 4500
003 Nust
005 20221210130320.0
040 _cNust
082 _a621.382,STA
100 _aStallings,William
245 _aWireless Communications and Networks /
_cWilliam, Stallings
250 _a2nd ed.
260 _aLondon
_bPrentice Hall
_c2004
300 _axiii,559p.
505 _aPart 1: Technical Background (Page-13), Part 2: Wireless Communication Technology (Page-94) Part 3: Wireless Networking (Page-236) Part 4: Wireless Lans (Page-404).
650 _aTelecommunication Engineering
942 _2ddc
_cBK
999 _c194685
_d194685